MARC

LEADER 00000nam0a2200000 4500
001 378684
005 20231101054722.0
035 |a (RuTPU)RU\TPU\retro\36141 
035 |a RU\TPU\book\56778 
090 |a 378684 
100 |a 20230608d1972 km y0rusy50 ca 
101 0 |a rus 
102 |a RU 
105 |a a z 001zy 
200 1 |a Автоматическая регулировка и стабилизация усиления транзисторных схем  |f Ю. Д. Крисилов 
210 |a Москва  |c Советское радио  |d 1972 
215 |a 272 с.  |c ил. 
320 |a Библиогр.: с. 269-270 
610 1 |a полупроводниковые усилители 
610 1 |a транзисторные схемы 
610 1 |a усиление 
610 1 |a стабилизация 
610 1 |a автоматическая регулировка 
610 1 |a питание 
610 1 |a свойства 
610 1 |a расчет 
610 1 |a режимы 
675 |a 621.375.4  |v 3 
700 1 |a Крисилов  |b Ю. Д.  |g Юрий Данилович 
801 1 |a RU  |b 63413507  |c 20030701  |g PSBO 
801 2 |a RU  |b 63413507  |c 20230608  |g PSBO 
942 |c BK